| 000 | 00391nam a2200181Ia 4500 | ||
|---|---|---|---|
| 001 | 10151 | ||
| 005 | 20260306161810.0 | ||
| 008 | 260306t1998||||xx |||||||||||||| ||spa|| | ||
| 041 | _aESP | ||
| 082 |
_a901 _bP54 CEPC |
||
| 100 |
_aPieper, Josef _eAUT |
||
| 245 | 0 | _aEl fin del tiempo | |
| 260 | _c1998 | ||
| 300 |
_a _c |
||
| 650 | _aGEN | ||
| 654 | _aCHU | ||
| 942 |
_cLIB _dJUS _fJUS _2ddc _n |
||
| 999 |
_c10151 _d10151 |
||